[Event "Heraklion op 6th"]
[Site "Heraklion"]
[Date "2010.08.23"]
[Round "3"]
[White "Michail, Pavlos"]
[Black "Fragiadaki, Irini"]
[Result "1-0"]
[WhiteElo "1005"]
[BlackElo "1463"]
[PlyCount "165"]
[EventDate "2010.08.22"]
[EventType "swiss"]
[EventRounds "9"]
[EventCountry "GRE"]
[SourceTitle "CBM 138 Extra"]
[Source "ChessBase"]
[SourceDate "2010.10.29"]
[SourceVersion "1"]
[SourceVersionDate "2010.10.29"]
[SourceQuality "1"]

1. e4 e5 2. Nf3 Nc6 3. Bb5 a6 4. Ba4 Nf6 5. d3 d6 6. c3 Bg4 7. Nbd2 b5 8. Bc2 Be7 9. 0-0 0-0 10. Re1 d5 11. h3 Bh5 12. Nf1 b4 13. Ng3 dxe4 14. Nxh5 exf3 15. Nxf6+ Bxf6 16. Qxf3 Qd6 17. Bd2 Rab8 18. Qe4 g6 19. Ba4 Ne7 20. cxb4 Nd5 21. a3 Rfd8 22. Bc2 a5 23. Bc3 Nxc3 24. bxc3 axb4 25. axb4 Bg7 26. Ra3 Rb6 27. Rea1 f5 28. Qc4+ Kf8 29. Ra6 Rxa6 30. Rxa6 Qe7 31. Qe6 Qf7 32. f3 Qxe6 33. Rxe6 Ra8 34. Rc6 Ra2 35. Bb3 Ra7 36. Kf2 Ke7 37. Bc4 Kd8 38. Ra6 Rb7 39. Bd5 Rb5 40. Bc6 Rb8 41. Ra8 Rxa8 42. Bxa8 Kd7 43. Bd5 c6 44. Bg8 e4 45. d4 Bh6 46. Ke2 Bc1 47. Bxh7 Bb2 48. Bxg6 Bxc3 49. Bxf5+ Kd6 50. Bxe4 Bxd4 51. Kd3 Bf6 52. g4 Bg5 53. Kc4 Kc7 54. Kd4 Kd6 55. Bd3 Bd2 56. b5 c5+ 57. Ke4 Ba5 58. g5 Ke6 59. Bc4+ Ke7 60. Kd5 Bd2 61. h4 Be3 62. f4 Bxf4 63. Kxc5 Bg3 64. h5 Kf8 65. h6 Bf4 66. h7 Kg7 67. g6 Be5 68. Bf7 Bf4 69. Kc6 Be5 70. b6 Bf4 71. b7 Be5 72. Kd7 Bf4 73. Kc8 Be5 74. b8Q Bxb8 75. Kxb8 Kh8 76. Kc7 Kg7 77. Kd6 Kh8 78. Ke6 Kg7 79. Kf5 Kh8 80. Be8 Kg7 81. h8Q+ Kxh8 82. Kf6 Kg8 83. Bf7+ 1-0

[Event "Heraklion op 6th"]
[Site "Heraklion"]
[Date "2010.08.22"]
[Round "1"]
[White "Michail, Pavlos"]
[Black "Dimitriadis, Theodoros"]
[Result "0-1"]
[WhiteElo "1005"]
[BlackElo "1925"]
[PlyCount "80"]
[EventDate "2010.08.22"]
[EventType "swiss"]
[EventRounds "9"]
[EventCountry "GRE"]
[SourceTitle "CBM 138 Extra"]
[Source "ChessBase"]
[SourceDate "2010.10.29"]
[SourceVersion "1"]
[SourceVersionDate "2010.10.29"]
[SourceQuality "1"]

1. e4 c5 2. Nf3 d6 3. d4 cxd4 4. Nxd4 Nf6 5. Nc3 g6 6. f3 Qb6 7. Nb3 Bg7 8. Qd4 Qd8 9. Be3 0-0 10. Qd2 Nc6 11. 0-0-0 Be6 12. Nd4 Nxd4 13. Bxd4 Qa5 14. Kb1 Rfc8 15. a3 a6 16. Nd5 Qxd2 17. Nxf6+ Bxf6 18. Rxd2 Kg7 19. Be2 Rc6 20. g4 Rac8 21. c3 Bxd4 22. Rxd4 Kf6 23. f4 Bc4 24. g5+ Kg7 25. Bg4 R8c7 26. Kc2 a5 27. h4 e5 28. fxe5 dxe5 29. Rd2 a4 30. h5 f6 31. Rd7+ Rxd7 32. Bxd7 Bb3+ 33. Kc1 Rd6 34. gxf6+ Kxf6 35. hxg6 hxg6 36. Bg4 Kg5 37. Bf3 Kf4 38. Rf1 g5 39. Bh1+ Ke3 40. Re1+ Kf2 0-1